BIBLIOTECA

SENCICO

C3 / (Registro nro. 4995)

Detalles MARC
000 -LEADER
fixed length control field 01049nam a22003257a 4500
003 - CONTROL NUMBER IDENTIFIER
control field PE SENCICO BE
005 - DATE AND TIME OF LATEST TRANSACTION
control field 20251020182708.0
008 - FIXED-LENGTH DATA ELEMENTS--GENERAL INFORMATION
fixed length control field 240702b |||||||| |||| 00| 0 eng d
040 ## - CATALOGING SOURCE
Original cataloging agency PE SENCICO BE
Transcribing agency PE SENCICO BE
041 ## - LANGUAGE CODE
Language code of text/sound track or separate title spa
110 1# - MAIN ENTRY--CORPORATE NAME
9 (RLIN) 2372
Corporate name or jurisdiction name as entry element C3 Publishing Company
245 1# - TITLE STATEMENT
Title C3 /
Statement of responsibility, etc. C3 Publishing Company
260 ## - PUBLICATION, DISTRIBUTION, ETC.
Place of publication, distribution, etc. Seul [Korea] :
Name of publisher, distributor, etc. C3 Publishing Company ;
Date of publication, distribution, etc. sin año
300 ## - PHYSICAL DESCRIPTION
Extent v.
Other physical details il. col. ;
Dimensions 30 cm.
500 ## - GENERAL NOTE
General note Descripción basada en: N° 331
500 ## - GENERAL NOTE
General note Texto en idioma inglés y coreano.
650 10 - SUBJECT ADDED ENTRY--TOPICAL TERM
9 (RLIN) 49
Topical term or geographic name entry element Arquitectura
650 20 - SUBJECT ADDED ENTRY--TOPICAL TERM
9 (RLIN) 191
Topical term or geographic name entry element Arquitectura moderna
650 20 - SUBJECT ADDED ENTRY--TOPICAL TERM
9 (RLIN) 327
Topical term or geographic name entry element Construcciones de madera
650 20 - SUBJECT ADDED ENTRY--TOPICAL TERM
9 (RLIN) 1424
Topical term or geographic name entry element Arquitectura estética
650 20 - SUBJECT ADDED ENTRY--TOPICAL TERM
9 (RLIN) 1430
Topical term or geographic name entry element Arquitectura paisajista urbana
650 20 - SUBJECT ADDED ENTRY--TOPICAL TERM
9 (RLIN) 370
Topical term or geographic name entry element Arquitectura de viviendas
650 20 - SUBJECT ADDED ENTRY--TOPICAL TERM
9 (RLIN) 806
Topical term or geographic name entry element Arquitectura ecológica
650 20 - SUBJECT ADDED ENTRY--TOPICAL TERM
9 (RLIN) 570
Topical term or geographic name entry element Arquitectura urbana
650 20 - SUBJECT ADDED ENTRY--TOPICAL TERM
9 (RLIN) 18
Topical term or geographic name entry element Diseño arquitectónico
650 20 - SUBJECT ADDED ENTRY--TOPICAL TERM
9 (RLIN) 8
Topical term or geographic name entry element Arquitectura de interiores
866 ## - TEXTUAL HOLDINGS--BASIC BIBLIOGRAPHIC UNIT
Existencias No. 331, 355
910 ## - USER-OPTION DATA (OCLC)
User-option data hfp
-- hfp
-- hfp
942 ## - ADDED ENTRY ELEMENTS (KOHA)
Koha item type Revista
Source of classification or shelving scheme Dewey Decimal Classification
Existencias
Fecha de la última vez que lo usaron Pago total Signatura topográfica completa Código de barras Precio efectivo desde Tipo de documento Estado perdido Estado dañado No es para préstamo Retirado Ubicación permanente Ubicación actual Fecha de adquisición
02/07/2024   No. 331 BibLima24070013 02/07/2024 Revista         Biblioteca Central Lima Biblioteca Central Lima 02/07/2024
02/07/2024   No. 355 BibLima24070014 02/07/2024 Revista         Biblioteca Central Lima Biblioteca Central Lima 02/07/2024